[Event "zonal 1.3 (w)"]
[Site "Helsinki FIN"]
[Date "1999.01.26"]
[Round "4"]
[White "Hagesaether, Ellen"]
[Black "Andersson, Christin"]
[Result "1-0"]
[WhiteElo "2028"]
[BlackElo "2123"]
[EventDate "1999.01.23"]
[PlyCount "115"]

1.e4 e6 2.d3 d5 3.Nd2 dxe4 4.dxe4 Bc5 5.Ngf3 Nc6 6.Bd3 e5 7.h3 Nf6 8.O-O 
h6 9.Nc4 Qe7 10.c3 a5 11.Be3 O-O 12.Qe2 Bxe3 13.Nxe3 Be6 14.Kh2 Nh5 15.Nd5
Qd6 16.g3 f5 17.Ne3 fxe4 18.Bxe4 Nf4 19.gxf4 exf4 20.Nc4 Qc5 21.Nfd2 Rae8 
22.f3 Ne7 23.Qf2 Qh5 24.Qg2 b5 25.Rg1 Rf7 26.Nxa5 Rd8 27.Rad1 Rd6 28.Nb7 
Rd7 29.Nb3 Bd5 30.N7c5 Rd6 31.Qg4 Qe5 32.Nd4 Bxe4 33.Nxe4 Rg6 34.Qh4 c5 
35.Ne2 Kh7 36.Rxg6 Nxg6 37.Qg4 b4 38.Rg1 Ne7 39.Qd7 Qh5 40.Rg4 Nd5 41.Ng5+
hxg5 42.Qxd5 Re7 43.Nxf4 Qe8 44.Qxg5 bxc3 45.bxc3 Qd7 46.Qxc5 Qd2+ 47.Ng2 
Rf7 48.Qc4 Qd6+ 49.f4 Kg8 50.Rg5 Qd7 51.Rd5 Qb7 52.Rf5 Kh8 53.Qxf7 Qc6 54.
Rh5+ Qh6 55.Rxh6+ gxh6 56.Qe7 h5 57.Nh4 Kg8 58.Nf5 1-0

[Event "zonal 1.3 (w)"]
[Site "Helsinki FIN"]
[Date "1999.01.26"]
[Round "4"]
[White "Paasikangas-Tella, Johanna"]
[Black "Berg, Susanne"]
[Result "1-0"]
[WhiteElo "2279"]
[BlackElo "2071"]
[EventDate "1999.01.23"]
[PlyCount "123"]

1.d4 d5 2.c4 e6 3.Nc3 c5 4.cxd5 exd5 5.Nf3 Nc6 6.dxc5 d4 7.Na4 Nf6 8.e3 
Bg4 9.Be2 dxe3 10.Bxe3 Qa5+ 11.Bd2 Qc7 12.O-O Be7 13.b4 O-O 14.b5 Bxf3 15.
Bxf3 Nd4 16.Rb1 Rad8 17.Be3 Nxf3+ 18.Qxf3 Qa5 19.Qxb7 Nd5 20.c6 Nxe3 21.
fxe3 Bg5 22.Qa6 Qxa6 23.bxa6 Bxe3+ 24.Kh1 Rc8 25.Rf3 Bg5 26.Rc3 Rfe8 27.g3
g6 28.c7 Bd2 29.Rc6 Re1+ 30.Rxe1 Bxe1 31.Nb6 axb6 32.a7 Ba5 33.a8=Q Rxa8 
34.c8=Q+ Rxc8 35.Rxc8+ Kg7 36.Kg2 h5 37.Rc6 Kh6 38.Kf3 Kg5 39.a4 Kf5 40.h3
Kg5 41.Rd6 Kf5 42.Rd5+ Ke6 43.Rb5 Kd6 44.Ke4 Ke6 45.Kd4 f5 46.Re5+ Kf6 47.
Kd5 Kf7 48.Re6 Kg7 49.Rc6 Kf7 50.Ke5 Kg7 51.Ke6 Be1 52.Rxb6 Bxg3 53.a5 Bf2
54.Rb7+ Kh6 55.a6 Kg5 56.a7 Bxa7 57.Rxa7 Kh4 58.Ra3 f4 59.Ke5 g5 60.Ke4 g4
61.hxg4 Kxg4 62.Ra7 1-0

[Event "zonal 1.3 (w)"]
[Site "Helsinki FIN"]
[Date "1999.01.26"]
[Round "4"]
[White "Peicheva-Hansen, Evgenia"]
[Black "Agrest, Svetlana"]
[Result "1-0"]
[WhiteElo "2185"]
[BlackElo "2211"]
[EventDate "1999.01.23"]
[PlyCount "200"]

1.g3 f5 2.d4 Nf6 3.Bg2 g6 4.c4 Bg7 5.Nc3 O-O 6.d5 d6 7.Nh3 c6 8.Nf4 Bd7 9.
O-O Na6 10.Rb1 Nc7 11.b4 Ng4 12.Qb3 Kh8 13.Rd1 e5 14.dxe6 Bxe6 15.Nxe6 
Nxe6 16.e3 Qe7 17.Ne2 Rad8 18.Bb2 Ne5 19.f4 Ng4 20.Bxg7+ Nxg7 21.Rd3 Rfe8 
22.Re1 Qf6 23.Nc3 Ne6 24.h3 Nh6 25.Red1 Nf7 26.Qc2 a6 27.Nb1 Re7 28.Qc3 
Kg7 29.Qxf6+ Kxf6 30.Nd2 Rde8 31.Nb3 Nc7 32.Kf2 Ne6 33.a4 Rc8 34.Na5 Rcc7 
35.g4 h6 36.gxf5 gxf5 37.Bf3 Ng7 38.Rb3 Red7 39.Rbd3 Re7 40.Rg1 Red7 41.
Nb3 Nd8 42.a5 Nde6 43.Rgd1 Ke7 44.Rc3 Rd8 45.Nc1 Ne8 46.Ne2 Kf6 47.Ng3 
N8g7 48.Rcd3 Rcd7 49.R3d2 Ke7 50.Ne2 Ne8 51.e4 N8g7 52.Ke3 fxe4 53.Kxe4 
Kf6 54.Bg4 h5 55.Bxe6 Nxe6 56.h4 Ng7 57.Ng3 Re7+ 58.Kf3 Red7 59.Ne4+ Ke7 
60.Re2 Kf7 61.Ng5+ Kf6 62.Ne4+ Kf7 63.Red2 Ke7 64.Rg2 Kf8 65.Rg5 Kf7 66.
Ng3 d5 67.cxd5 Rxd5 68.Rdxd5 cxd5 69.Nxh5 Nxh5 70.Rxh5 d4 71.Ke2 d3+ 72.
Kd2 Rd4 73.Rh7+ Ke6 74.Rxb7 Rxf4 75.Kxd3 Rxh4 76.Kc3 Kd5 77.Kb3 Rh6 78.Ka4
Rh1 79.Rb6 Ra1+ 80.Kb3 Rb1+ 81.Kc3 Rc1+ 82.Kb3 Rb1+ 83.Kc2 Rh1 84.Rxa6 Kc4
85.Rb6 Rh2+ 86.Kd1 Rh1+ 87.Ke2 Rh2+ 88.Ke3 Rh3+ 89.Ke4 Rh4+ 90.Ke5 Rh5+ 
91.Kd6 Rh6+ 92.Kc7 Rh7+ 93.Kb8 Rh8+ 94.Ka7 Rh7+ 95.Rb7 Rh6 96.b5 Kb4 97.a6
Ka5 98.b6 Rg6 99.Rf7 Kb5 100.Rf1 Ka5 1-0

[Event "zonal 1.3 (w)"]
[Site "Helsinki FIN"]
[Date "1999.01.26"]
[Round "4"]
[White "Koskela, Niina"]
[Black "Guindy, Esmat"]
[Result "1-0"]
[WhiteElo "2213"]
[BlackElo "2178"]
[EventDate "1999.01.23"]
[PlyCount "111"]

1.e4 e6 2.d3 d5 3.Nd2 c5 4.Ngf3 Nf6 5.g3 Nc6 6.Bg2 Qc7 7.O-O Be7 8.Re1 b6 
9.Nf1 dxe4 10.dxe4 Bb7 11.c3 h6 12.h4 Nd7 13.Bf4 e5 14.Bd2 O-O-O 15.Qa4 
Kb8 16.b4 Bd6 17.Qb3 Nf6 18.a4 cxb4 19.cxb4 Rhe8 20.a5 Rd7 21.Bh3 Rde7 22.
Ne3 Nd4 23.Nxd4 exd4 24.axb6 Qxb6 25.Nc4 Qd8 26.Nxd6 Qxd6 27.Bf4 Re5 28.
Qa4 a6 29.Bg2 g5 30.Bxe5 Qxe5 31.b5 Qxb5 32.Qxd4 Qe5 33.Qb4 gxh4 34.f4 Qe7
35.Qb6 Nd7 36.Qf2 Rg8 37.Re3 Qc5 38.Rb1 hxg3 39.Qd2 Nb6 40.e5 Bxg2 41.Kxg2
Ka7 42.Rf3 Nd5 43.Rc1 Qb5 44.Qd4+ Nb6 45.Rc2 Kb7 46.Rd3 a5 47.Rb2 Qc6+ 48.
Qd5 Rg6 49.f5 Ka7 50.Qxc6 Rxc6 51.Kxg3 Rc5 52.Re2 Nd5 53.e6 fxe6 54.Rxe6 
Kb7 55.f6 Nc7 56.Re7 1-0

[Event "zonal 1.3 (w)"]
[Site "Helsinki FIN"]
[Date "1999.01.26"]
[Round "4"]
[White "Rantanen, Tanja"]
[Black "Hagesaether, Nina"]
[Result "1/2-1/2"]
[WhiteElo "2003"]
[BlackElo "2103"]
[EventDate "1999.01.23"]
[PlyCount "52"]

1.e4 d6 2.d4 g6 3.Nf3 Bg7 4.Nbd2 Nf6 5.Bd3 O-O 6.O-O Nc6 7.Re1 e5 8.c3 Nh5
9.Nb3 Nf4 10.Bb5 Ne7 11.Bxf4 exf4 12.Qd2 Bh6 13.d5 c6 14.dxc6 bxc6 15.Bf1 
Qc7 16.e5 d5 17.Nc5 Nf5 18.Qc2 Be6 19.c4 Qb6 20.Nxe6 fxe6 21.Bd3 Bg7 22.
Rad1 Rae8 23.Re2 Re7 24.Ree1 Ree8 25.Re2 Re7 26.Ree1 Ree8 1/2-1/2

[Event "zonal 1.3 (w)"]
[Site "Helsinki FIN"]
[Date "1999.01.27"]
[Round "5"]
[White "Agrest, Svetlana"]
[Black "Rantanen, Tanja"]
[Result "1-0"]
[WhiteElo "2211"]
[BlackElo "2003"]
[EventDate "1999.01.23"]
[PlyCount "79"]

1.e4 c5 2.Nf3 Nc6 3.Bb5 a6 4.Bxc6 dxc6 5.O-O Bg4 6.d3 Qc7 7.b3 e5 8.Bb2 
Bd6 9.Nbd2 Ne7 10.Qe1 O-O 11.Qe3 f6 12.Nc4 Ng6 13.Nxd6 Qxd6 14.Nd2 b6 15.
g3 Bh3 16.Rfe1 Qd7 17.a4 a5 18.f3 h5 19.Bc3 Kf7 20.Kf2 Rab8 21.Rg1 Rh8 22.
Ke1 Rhf8 23.Kd1 Qc8 24.Kc1 Bd7 25.f4 Qc7 26.f5 Ne7 27.g4 Rh8 28.g5 Bxf5 
29.exf5 Nd5 30.Qf3 Nxc3 31.Kb2 Nd5 32.Rg3 Nf4 33.Rag1 Rbg8 34.Ne4 Qd7 35.
gxf6 g6 36.fxg6+ Rxg6 37.Rxg6 Nxg6 38.Kb1 Qd4 39.Ng5+ Kg8 40.f7+ 1-0

[Event "zonal 1.3 (w)"]
[Site "Helsinki FIN"]
[Date "1999.01.27"]
[Round "5"]
[White "Andersson, Christin"]
[Black "Peicheva-Hansen, Evgenia"]
[Result "1-0"]
[WhiteElo "2123"]
[BlackElo "2185"]
[EventDate "1999.01.23"]
[PlyCount "75"]

1.e4 c5 2.c3 e5 3.Nf3 Nc6 4.Bc4 Qc7 5.d3 d6 6.Na3 a6 7.Ng5 Nd8 8.Nc2 h6 9.
Nf3 Nf6 10.Ne3 Nc6 11.O-O Be7 12.Nh4 Na5 13.Bd5 Nxd5 14.exd5 c4 15.Nhf5 
Bf6 16.Qa4+ b5 17.Qb4 Bxf5 18.Nxf5 Rd8 19.Be3 cxd3 20.a4 Nc4 21.axb5 axb5 
22.Qxb5+ Kf8 23.Ra4 Nxe3 24.fxe3 d2 25.Qd3 Bg5 26.h4 Bf6 27.Qxd2 g6 28.
Nxh6 Rxh6 29.Rxf6 Kg7 30.Rf1 Rdh8 31.g3 Qd7 32.Qf2 Rb8 33.Ra6 f5 34.e4 Rh5
35.Rfa1 Kf6 36.g4 Rxb2 37.g5+ Ke7 38.Qxb2 1-0

[Event "zonal 1.3 (w)"]
[Site "Helsinki FIN"]
[Date "1999.01.27"]
[Round "5"]
[White "Berg, Susanne"]
[Black "Hagesaether, Ellen"]
[Result "0-1"]
[WhiteElo "2071"]
[BlackElo "2028"]
[EventDate "1999.01.23"]
[PlyCount "120"]

1.e4 d6 2.d4 Nf6 3.Nc3 g6 4.f4 Bg7 5.Nf3 O-O 6.Bd3 Nc6 7.O-O e5 8.fxe5 
dxe5 9.d5 Nb4 10.Bg5 Qd6 11.Qd2 Nxd3 12.cxd3 Ne8 13.Kh1 f6 14.Be3 Qd7 15.
d4 Nd6 16.dxe5 fxe5 17.b3 Qe7 18.Bc5 b6 19.Bxd6 cxd6 20.Nb5 a6 21.Na3 Rf4 
22.Qd3 b5 23.Nb1 Bg4 24.Nbd2 Rc8 25.Rac1 Rff8 26.Rc6 Rxc6 27.dxc6 Bh6 28.
a4 Rb8 29.axb5 axb5 30.b4 Be6 31.Ra1 Qc7 32.Ra6 Kf8 33.Qc3 Bc8 34.Ra1 Rb6 
35.Rc1 Be6 36.Rc2 Bf7 37.Nb3 Bxb3 38.Qxb3 Rxc6 39.Rxc6 Qxc6 40.Qe6 Be3 41.
Qf6+ Ke8 42.Qh8+ Kd7 43.Qxh7+ Kc8 44.Qh4 Qc1+ 45.Qe1 Kd7 46.Qxc1 Bxc1 47.
Ne1 Ke6 48.h4 d5 49.exd5+ Kxd5 50.g4 e4 51.Kg2 Ke5 52.h5 gxh5 53.gxh5 Kd4 
54.Kf2 Kc3 55.Ke2 Bg5 56.Kd1 Kxb4 57.Nc2+ Kc3 58.Na3 b4 59.Nb5+ Kd3 60.Ke1
e3 0-1

[Event "zonal 1.3 (w)"]
[Site "Helsinki FIN"]
[Date "1999.01.27"]
[Round "5"]
[White "Guindy, Esmat"]
[Black "Paasikangas-Tella, Johanna"]
[Result "1/2-1/2"]
[WhiteElo "2178"]
[BlackElo "2279"]
[EventDate "1999.01.23"]
[PlyCount "97"]

1.d4 Nf6 2.c4 g6 3.g3 Bg7 4.Bg2 O-O 5.Nf3 d6 6.O-O c6 7.Nc3 a6 8.b3 b5 9.
Re1 Qb6 10.Qc2 Nbd7 11.e4 e5 12.dxe5 Nxe5 13.Nxe5 dxe5 14.Be3 Qb7 15.h3 
Nh5 16.cxb5 axb5 17.a4 Be6 18.axb5 cxb5 19.Rxa8 Rxa8 20.Qe2 b4 21.Na4 Bf8 
22.Qb2 Qb5 23.Bf1 Qc6 24.Rc1 Qd6 25.Nb6 Re8 26.Nc4 Bxc4 27.Bxc4 Nf6 28.Qc2
Qd7 29.Bg5 Be7 30.Bxf6 Bxf6 31.Kh2 h5 32.Rd1 Qe7 33.Rd3 h4 34.Qd1 Qc5 35.
Kg2 Re7 36.Qg4 Kg7 37.gxh4 Ra7 38.h5 Qf8 39.Rf3 Qe7 40.hxg6 fxg6 41.h4 Kh6
42.Rg3 Qg7 43.Be2 Qf7 44.Rd3 Rc7 45.Rd5 Rc2 46.Qf3 Rc3 47.Rd3 Rxd3 48.Bxd3
Qe7 49.Qe3+ 1/2-1/2

[Event "zonal 1.3 (w)"]
[Site "Helsinki FIN"]
[Date "1999.01.27"]
[Round "5"]
[White "Hagesaether, Nina"]
[Black "Koskela, Niina"]
[Result "1/2-1/2"]
[WhiteElo "2103"]
[BlackElo "2213"]
[EventDate "1999.01.23"]
[PlyCount "186"]

1.d3 e5 2.Nf3 Nc6 3.g3 d6 4.Bg2 h6 5.c4 Be6 6.Nc3 Qd7 7.O-O Nf6 8.Rb1 d5 
9.cxd5 Nxd5 10.a3 Rd8 11.Nxd5 Bxd5 12.b4 Bd6 13.Bb2 a6 14.Nd2 Bxg2 15.Kxg2
O-O 16.Ne4 Kh8 17.Qb3 Ne7 18.Rbc1 f6 19.Rc2 Rc8 20.Rfc1 c6 21.a4 b6 22.Ba3
Ra8 23.Nd2 b5 24.Ne4 Rad8 25.a5 Rc8 26.Bb2 Nd5 27.Nxd6 Qxd6 28.Bc3 Qe6 29.
Qb2 c5 30.bxc5 Rxc5 31.Bb4 Rxc2 32.Rxc2 Rc8 33.Rxc8+ Qxc8 34.e4 Nxb4 35.
Qxb4 Qd8 36.Qc3 Kh7 37.Kf3 Qd6 38.Ke2 Qe6 39.Qb4 Qg4+ 40.Ke3 Qd1 41.h4 Kg6
42.Qe7 Qe1+ 43.Kf3 Qd1+ 44.Ke3 Qe1+ 45.Kf3 Qxa5 46.Qe8+ Kh7 47.h5 Qa3 48.
Qg6+ Kg8 49.Qe8+ Qf8 50.Qe6+ Qf7 51.Qc8+ Kh7 52.Qf5+ Kg8 53.Qc8+ Qf8 54.
Qxa6 Qb8 55.Qe6+ Kf8 56.Qb3 b4 57.Ke2 Ke7 58.Kd2 Qb6 59.Kc1 Qc5+ 60.Kb1 
Kd6 61.Qf7 Qb5 62.Qf8+ Kc6 63.Qc8+ Kb6 64.Qc2 Qc5 65.Qe2 Ka5 66.Qa2+ Kb5 
67.Qe2 Qd4 68.Ka2 Qa7+ 69.Kb1 Kc6 70.Qc2+ Qc5 71.Qd2 Kd6 72.Kb2 Qa5 73.Qc2
Qa3+ 74.Kb1 b3 75.Qc3 Kd7 76.Qd2 Kd8 77.Qc3 Qa4 78.Qd2 Qa7 79.Qc3 Qa2+ 80.
Kc1 Qxf2 81.Qxb3 Qe3+ 82.Kd1 Qf3+ 83.Kd2 Qf2+ 84.Kd1 Qf3+ 85.Kd2 Qxh5 86.
Qg8+ Ke7 87.Qxg7+ Ke6 88.Qg8+ Kd6 89.Qd8+ Ke6 90.Qg8+ Qf7 91.Qg4+ Ke7 92.
Ke3 Kf8 93.Qc8+ Kg7 1/2-1/2

[Event "zonal 1.3 (w)"]
[Site "Helsinki FIN"]
[Date "1999.01.28"]
[Round "6"]
[White "Guindy, Esmat"]
[Black "Hagesaether, Nina"]
[Result "1-0"]
[WhiteElo "2178"]
[BlackElo "2103"]
[EventDate "1999.01.23"]
[PlyCount "75"]

1.d4 Nf6 2.c4 g6 3.Nf3 Bg7 4.g3 O-O 5.Bg2 d6 6.O-O Nbd7 7.Nc3 e5 8.e4 c6 
9.h3 Re8 10.Be3 Qc7 11.Re1 exd4 12.Nxd4 Nc5 13.Qc2 a5 14.Rad1 Nfd7 15.b3 
Ne6 16.Rd2 Ndc5 17.Red1 Nxd4 18.Bxd4 Bf8 19.f4 Nd7 20.Kh2 f6 21.Ne2 Be7 
22.Qb2 Rf8 23.Bc3 Nc5 24.Nd4 Rb8 25.Re2 Bd7 26.Nf3 Rbd8 27.Qd2 b6 28.Qe1 
Bc8 29.Kh1 Bb7 30.Nh2 Bc8 31.Bb2 b5 32.cxb5 cxb5 33.Qc3 b4 34.Qe3 Bb7 35.
Ng4 Bc8 36.f5 gxf5 37.exf5 Rde8 38.Qg5+ 1-0

[Event "zonal 1.3 (w)"]
[Site "Helsinki FIN"]
[Date "1999.01.28"]
[Round "6"]
[White "Paasikangas-Tella, Johanna"]
[Black "Hagesaether, Ellen"]
[Result "0-1"]
[WhiteElo "2279"]
[BlackElo "2028"]
[EventDate "1999.01.23"]
[PlyCount "106"]

1.d4 g6 2.c4 Nf6 3.Nc3 Bg7 4.e4 d6 5.Nf3 O-O 6.Be2 Nbd7 7.O-O e5 8.Re1 
exd4 9.Nxd4 Nc5 10.Bf1 Re8 11.f3 Nfd7 12.Be3 Ne5 13.Qd2 Be6 14.Nxe6 Nxe6 
15.Rad1 g5 16.Nb5 Nc6 17.Qf2 Qf6 18.Rd2 a6 19.Nc3 Qg6 20.Kh1 f5 21.exf5 
Qxf5 22.Bd3 Qf7 23.Be4 Kh8 24.Bd5 Qh5 25.Ne4 h6 26.Rf1 Nf4 27.Bxc6 bxc6 
28.Bd4 Qf7 29.Bxg7+ Qxg7 30.g3 Ng6 31.Kg2 g4 32.Re1 gxf3+ 33.Kh1 Ne5 34.b3
Rf8 35.h3 Qg6 36.Qe3 Rae8 37.Qd4 c5 38.Qe3 Re6 39.Qg1 Nxc4 40.bxc4 Rxe4 
41.Rf1 Rxc4 42.Qe3 Qf6 43.Rdf2 Rc3 44.Qd2 c4 45.Kg1 Rd3 46.Qc1 Qg5 47.Qa1+
Qe5 48.Kh2 Qxa1 49.Rxa1 c3 50.g4 d5 51.Kg3 d4 52.a4 Re3 53.Rc1 d3 0-1

[Event "zonal 1.3 (w)"]
[Site "Helsinki FIN"]
[Date "1999.01.28"]
[Round "6"]
[White "Peicheva-Hansen, Evgenia"]
[Black "Berg, Susanne"]
[Result "1/2-1/2"]
[WhiteElo "2185"]
[BlackElo "2071"]
[EventDate "1999.01.23"]
[PlyCount "21"]

1.g3 d5 2.Nf3 c5 3.c4 Nf6 4.Bg2 Nc6 5.cxd5 Nxd5 6.Nc3 Nxc3 7.bxc3 e5 8.Qc2
Be7 9.O-O O-O 10.d3 Be6 11.c4 1/2-1/2

[Event "zonal 1.3 (w)"]
[Site "Helsinki FIN"]
[Date "1999.01.28"]
[Round "6"]
[White "Rantanen, Tanja"]
[Black "Andersson, Christin"]
[Result "1-0"]
[WhiteElo "2003"]
[BlackElo "2123"]
[EventDate "1999.01.23"]
[PlyCount "97"]

1.e4 e6 2.d4 d5 3.e5 c5 4.c3 Nc6 5.Nf3 Nge7 6.Bd3 Nf5 7.g4 Nh4 8.Nxh4 Qxh4
9.Be3 cxd4 10.cxd4 Bd7 11.a3 h5 12.Be2 hxg4 13.Bxg4 Be7 14.Nc3 O-O-O 15.
Be2 Bg5 16.Bxg5 Qxg5 17.Nb5 Rxh2 18.Nxa7+ Kb8 19.Rxh2 Qg1+ 20.Bf1 Qxh2 21.
Nxc6+ Bxc6 22.b4 Qh1 23.Qd3 Ba4 24.Rc1 Qe4+ 25.Kd2 Qh4 26.Qe3 Rh8 27.b5 
Rh5 28.Be2 Rf5 29.f3 Qd8 30.Qc3 Rh5 31.f4 Rh8 32.Qb4 Qh4 33.Rf1 Rc8 34.
Qxa4 Qg3 35.Rf3 Qg1 36.Rf1 Qg3 37.Qb4 g5 38.Rf3 Qh2 39.b6 g4 40.Qa4 Rc4 
41.Qa7+ Kc8 42.Qa8+ Kd7 43.Qxb7+ Ke8 44.Qb8+ Kd7 45.Qd6+ Ke8 46.Re3 Rxd4+ 
47.Kc3 Rc4+ 48.Bxc4 dxc4 49.b7 1-0

[Event "zonal 1.3 (w)"]
[Site "Helsinki FIN"]
[Date "1999.01.29"]
[Round "7"]
[White "Agrest, Svetlana"]
[Black "Guindy, Esmat"]
[Result "1/2-1/2"]
[WhiteElo "2211"]
[BlackElo "2178"]
[EventDate "1999.01.23"]
[PlyCount "114"]

1.e4 e6 2.d3 d5 3.Nd2 c5 4.g3 Nf6 5.Bg2 Nc6 6.Ngf3 Be7 7.O-O Qc7 8.Re1 b6 
9.c3 Ba6 10.e5 Nd7 11.Nf1 g5 12.Bxg5 Bxg5 13.Nxg5 Ndxe5 14.d4 Ng6 15.Bxd5 
O-O-O 16.Bg2 Bb7 17.Rc1 h6 18.Nf3 e5 19.Qa4 Rhg8 20.Nxe5 Ncxe5 21.Bxb7+ 
Qxb7 22.dxe5 Rde8 23.Qe4 Rxe5 24.Qxb7+ Kxb7 25.Rxe5 Nxe5 26.Rd1 Kc6 27.f4 
Ng4 28.Kg2 b5 29.Kf3 h5 30.h3 Nf6 31.Ne3 Re8 32.Nf5 Nd5 33.Ng7 Rh8 34.Re1 
Rh7 35.Nf5 a5 36.Re8 Nb6 37.Rd8 Na4 38.Rd2 b4 39.c4 Rh8 40.Ne7+ Kc7 41.
Nd5+ Kc6 42.Nf6 Nb6 43.b3 a4 44.Ne4 axb3 45.axb3 f5 46.Nf6 Ra8 47.Rd3 Nxc4
48.bxc4 Ra3 49.Ke2 b3 50.Rd1 b2 51.Rb1 Rxg3 52.Nxh5 Rxh3 53.Ng7 Rc3 54.
Rxb2 Rg3 55.Rd2 Rxg7 56.Rd5 Re7+ 57.Kd3 Rd7 1/2-1/2

[Event "zonal 1.3 (w)"]
[Site "Helsinki FIN"]
[Date "1999.01.29"]
[Round "7"]
[White "Andersson, Christin"]
[Black "Koskela, Niina"]
[Result "0-1"]
[WhiteElo "2123"]
[BlackElo "2213"]
[EventDate "1999.01.23"]
[PlyCount "104"]

1.e4 e6 2.d4 d5 3.exd5 exd5 4.Nf3 Nf6 5.c4 Bb4+ 6.Bd2 Qe7+ 7.Be2 O-O 8.O-O
dxc4 9.Bxc4 Bxd2 10.Nbxd2 Nbd7 11.Re1 Qd6 12.Qb3 Qb6 13.Qc2 c6 14.Ng5 Qd8 
15.Ndf3 Nb6 16.Bb3 h6 17.Nxf7 Rxf7 18.Bxf7+ Kxf7 19.Ne5+ Kg8 20.Re2 Nbd5 
21.Rae1 Nf4 22.Re3 Be6 23.Ng6 Nxg6 24.Qxg6 Bf7 25.Qd3 Nd5 26.Re5 Qd6 27.
Qg3 Rf8 28.a3 Qg6 29.Qh4 a5 30.h3 Qf6 31.Qg3 a4 32.R5e4 Kh7 33.Rg4 Bg6 34.
Re5 Nf4 35.Qe3 Nd5 36.Qe2 Qf7 37.Rg3 Qf4 38.Re6 Qc1+ 39.Kh2 Rf6 40.Re5 Qf4
41.Re6 Qf5 42.Re5 Qxf2 43.Qg4 Qf4 44.Qd7 Qxd4 45.Re2 Rf1 46.Rg4 Qg1+ 47.
Kg3 Nf6 48.Qxb7 Nxg4 49.Qxc6 Qh2+ 50.Kh4 Ne5 51.Qc3 Rf4+ 52.g4 Rxg4# 0-1

[Event "zonal 1.3 (w)"]
[Site "Helsinki FIN"]
[Date "1999.01.29"]
[Round "7"]
[White "Berg, Susanne"]
[Black "Rantanen, Tanja"]
[Result "1-0"]
[WhiteElo "2071"]
[BlackElo "2003"]
[EventDate "1999.01.23"]
[PlyCount "119"]

1.e4 c5 2.Nf3 Nc6 3.Bb5 e6 4.O-O Nf6 5.e5 Nd5 6.Bxc6 dxc6 7.d3 Be7 8.Nbd2 
O-O 9.Re1 Qc7 10.Ne4 h6 11.h3 f5 12.exf6 Nxf6 13.Nxf6+ Bxf6 14.Qe2 Qf7 15.
Rb1 Bd7 16.Bd2 e5 17.Bc3 e4 18.dxe4 Bxc3 19.bxc3 Bxh3 20.Ne5 Qe6 21.Qc4 
Qxc4 22.Nxc4 Bc8 23.Rbd1 Re8 24.Nd6 Rd8 25.e5 Be6 26.a3 Rd7 27.f4 Rad8 28.
Rd3 Rf8 29.Rf1 g6 30.Rg3 Kh7 31.Ne4 Bc4 32.Rf2 Rd1+ 33.Kh2 Rf1 34.Rxf1 
Bxf1 35.Nf6+ Kg7 36.f5 g5 37.Rf3 Bc4 38.Nh5+ Kf7 39.Re3 Ke7 40.g4 Rd8 41.
e6 Rd2+ 42.Kg3 Bxe6 43.Rxe6+ Kd7 44.Re3 Kd8 45.Rd3+ Rxd3+ 46.cxd3 b5 47.
Kf3 a5 48.Ke2 b4 49.cxb4 cxb4 50.a4 Ke7 51.Kd2 Kd6 52.Kc2 Ke5 53.Ng3 Kf6 
54.d4 Kg7 55.Kb3 Kf6 56.Ne4+ Kf7 57.Kc4 Ke7 58.Kd3 Kf7 59.Nc5 Kf6 60.Ke4 
1-0

[Event "zonal 1.3 (w)"]
[Site "Helsinki FIN"]
[Date "1999.01.29"]
[Round "7"]
[White "Hagesaether, Ellen"]
[Black "Peicheva-Hansen, Evgenia"]
[Result "0-1"]
[WhiteElo "2028"]
[BlackElo "2185"]
[EventDate "1999.01.23"]
[PlyCount "56"]

1.e4 e5 2.Nf3 d6 3.Bc4 Nd7 4.O-O Be7 5.d4 Ngf6 6.Ng5 O-O 7.Bxf7+ Rxf7 8.
Ne6 Qe8 9.Nxc7 Qd8 10.Nxa8 Nxe4 11.Qd3 d5 12.Qb3 Bh4 13.Qxd5 Bxf2+ 14.Rxf2
Nxf2 15.dxe5 Qh4 16.g3 Qh5 17.Nc3 Nh3+ 18.Kg2 Nxe5 19.Be3 Ng5 20.h4 Qg4 
21.Bf4 Bd7 22.Qxe5 Qf3+ 23.Kg1 Nh3+ 24.Kh2 Qf2+ 25.Kh1 Nxf4 26.Rg1 Bc6+ 
27.Ne4 Ne2 28.Rg2 Qf3 0-1

[Event "zonal 1.3 (w)"]
[Site "Helsinki FIN"]
[Date "1999.01.29"]
[Round "7"]
[White "Hagesaether, Nina"]
[Black "Paasikangas-Tella, Johanna"]
[Result "1-0"]
[WhiteElo "2103"]
[BlackElo "2279"]
[EventDate "1999.01.23"]
[PlyCount "179"]

1.d3 f5 2.g3 Nf6 3.Bg2 d6 4.c4 g6 5.Nc3 Bg7 6.Nf3 O-O 7.O-O e5 8.c5 Kh8 9.
cxd6 cxd6 10.Bd2 Nc6 11.a3 Nh5 12.b4 f4 13.Rc1 d5 14.Qb3 Be6 15.b5 Ne7 16.
Na4 b6 17.Bc3 Qb8 18.Ng5 Bg8 19.Bb4 Qe8 20.Bd6 Bf6 21.Nh3 Qd7 22.Bxe7 Bxe7
23.Kh1 Bf6 24.Ng1 e4 25.Qb4 Rae8 26.dxe4 dxe4 27.Rfd1 Qf5 28.Bh3 Qg5 29.g4
Ng7 30.f3 e3 31.Rd7 Re7 32.Rcc7 Rxd7 33.Rxd7 Rf7 34.Rxf7 Bxf7 35.Nb2 Qd5 
36.Qf8+ Bg8 37.Qxf6 Qxb5 38.g5 Qb3 39.a4 b5 40.axb5 Qxb5 41.Qd4 a5 42.Bd7 
Qxg5 43.Nh3 Qh4 44.Nd3 g5 45.Kg2 Qh5 46.Qc5 h6 47.Qxa5 Qf7 48.Ne5 Qf6 49.
Qc5 Nf5 50.Bxf5 Qxf5 51.Qd4 Kh7 52.Nd3 Be6 53.Nhxf4 gxf4 54.Qe4 Qxe4 55.
fxe4 Kg7 56.Nxf4 Bc8 57.Kf3 Kf6 58.h4 Ke5 59.Kxe3 Bg4 60.Nd3+ Kf6 61.Ne1 
Ke6 62.Nf3 Kf6 63.Kf4 Bh3 64.e5+ Ke6 65.e4 Kf7 66.Nd4 h5 67.Kg5 Bg4 68.e6+
Ke7 69.Kf4 Kf6 70.e5+ Ke7 71.Ke4 Bh3 72.Nf5+ Kxe6 73.Ng7+ Ke7 74.Nxh5 Kf7 
75.Nf6 Kg6 76.Kd5 Kf7 77.h5 Bf5 78.Kd6 Bh3 79.Ne4 Bg4 80.e6+ Kg7 81.Ng3 
Bd1 82.e7 Ba4 83.Nf5+ Kf6 84.Nd4 Be8 85.h6 Kg6 86.Nf5 Ba4 87.Kc7 Kh7 88.
Kd8 Kg6 89.Ne3 Kxh6 90.Nc4 1-0

[Event "zonal 1.3 (w)"]
[Site "Helsinki FIN"]
[Date "1999.01.30"]
[Round "8"]
[White "Guindy, Esmat"]
[Black "Andersson, Christin"]
[Result "1-0"]
[WhiteElo "2178"]
[BlackElo "2123"]
[EventDate "1999.01.23"]
[PlyCount "77"]

1.d4 d6 2.c4 e5 3.e3 Nf6 4.Nf3 Nc6 5.Nc3 Bg4 6.Be2 Be7 7.d5 Nb8 8.e4 O-O 
9.Be3 Ne8 10.Nd2 Bxe2 11.Nxe2 Bg5 12.Bxg5 Qxg5 13.O-O Nd7 14.b4 f5 15.exf5
Rxf5 16.Ne4 Qe7 17.N2g3 Rf8 18.Qc2 Qh4 19.Rae1 Rf4 20.c5 Nef6 21.cxd6 cxd6
22.Nxd6 Nxd5 23.Qb3 Nb6 24.Nge4 Raf8 25.f3 Qh5 26.a4 Rh4 27.Ng3 Qg6 28.
Nde4 Qc6 29.Rd1 Kh8 30.a5 Qh6 31.axb6 Qxb6+ 32.Rf2 Nxb4 33.Rd6 Qa5 34.Rb2 
Nc6 35.Qxb7 Rxe4 36.Rxc6 Qa1+ 37.Rb1 Qd4+ 38.Kh1 Re3 39.Nf5 1-0

[Event "zonal 1.3 (w)"]
[Site "Helsinki FIN"]
[Date "1999.01.30"]
[Round "8"]
[White "Hagesaether, Nina"]
[Black "Agrest, Svetlana"]
[Result "1/2-1/2"]
[WhiteElo "2103"]
[BlackElo "2211"]
[EventDate "1999.01.23"]
[PlyCount "249"]

1.d3 e5 2.Nf3 d6 3.g3 f5 4.Bg2 Nf6 5.O-O g6 6.c4 Bg7 7.Nc3 O-O 8.c5 Nc6 9.
cxd6 Qxd6 10.Ng5 Kh8 11.Nb5 Qd7 12.Be3 a6 13.Nc3 Nd4 14.Rc1 Rb8 15.Bxd4 
exd4 16.Na4 h6 17.Nf3 Nd5 18.Nc5 Qd6 19.Nb3 Ne7 20.Qc2 c6 21.Nfd2 Be6 22.
Qc5 Qd7 23.Nc4 Bxc4 24.Qxc4 Qd6 25.Nc5 Rfe8 26.Qe6 Qxe6 27.Nxe6 Bf6 28.Nc5
Red8 29.Rc4 Nc8 30.Nxb7 Rxb7 31.Rxc6 Rb6 32.Rfc1 Rxc6 33.Rxc6 Kg7 34.Rxa6 
Ne7 35.Ra4 Rc8 36.Rc4 Rxc4 37.dxc4 d3 38.exd3 Bxb2 39.Kf1 Bd4 40.Ke2 Kf6 
41.Bb7 Ke5 42.h3 Bb6 43.g4 Kf4 44.Bf3 fxg4 45.Bxg4 Nf5 46.Kf1 Bc5 47.a4 
Bb6 48.Bd1 Nd4 49.Bg4 Nb3 50.Ke2 Nc5 51.a5 Bxa5 52.d4 Ne4 53.c5 Bc7 54.Bd7
Nf6 55.Bc6 Kf5 56.Kf3 Ke6 57.Bb7 g5 58.Ke3 Ba5 59.Bc8+ Kd5 60.Bb7+ Kc4 61.
Bc8 Bb4 62.Be6+ Kc3 63.c6 Bd6 64.d5 Kb4 65.Kd4 Kb5 66.Bf7 Kb6 67.Be6 Kc7 
68.Ke3 Be5 69.Kf3 Kd6 70.h4 Bf4 71.hxg5 hxg5 72.Bc8 Kxd5 73.Bb7 Kd6 74.Ke2
Ng8 75.Bc8 Kxc6 76.Bh3 Kd5 77.Kf3 Nf6 78.Bc8 Kd4 79.Bf5 Kc3 80.Ke2 Ne8 81.
Bd7 Nd6 82.Kf3 Kd2 83.Bc6 Nc4 84.Bd5 Ne5+ 85.Kg2 Ke1 86.Be4 Ng4 87.f3 Ne3+
88.Kh3 Kf2 89.Bc6 Nc2 90.Bb7 Nd4 91.Bd5 Ne2 92.Kg4 Kg2 93.Bc6 Nc3 94.Bb7 
Nd1 95.Bc6 Ne3+ 96.Kh5 Kg3 97.Kg6 Nc2 98.Kf6 Nd4 99.Ba4 Kxf3 100.Bd1+ Kg3 
101.Kg6 Nf3 102.Bc2 Nh4+ 103.Kh5 Nf3 104.Kg6 Bd2 105.Bd1 Kf4 106.Kh5 g4 
107.Be2 g3 108.Bf1 Bb4 109.Bh3 Be7 110.Bg2 Nd2 111.Bh1 Ne4 112.Bg2 Nf2 
113.Kg6 Ng4 114.Kf7 Bb4 115.Ke6 Ne3 116.Bh1 g2 117.Bxg2 Nxg2 118.Kd5 Ne3+ 
119.Kd4 Be7 120.Kd3 Bf6 121.Ke2 Ke4 122.Kd2 Bh4 123.Ke2 Bg3 124.Kd2 Nd5 
125.Ke2 1/2-1/2

[Event "zonal 1.3 (w)"]
[Site "Helsinki FIN"]
[Date "1999.01.30"]
[Round "8"]
[White "Paasikangas-Tella, Johanna"]
[Black "Peicheva-Hansen, Evgenia"]
[Result "1-0"]
[WhiteElo "2279"]
[BlackElo "2185"]
[EventDate "1999.01.23"]
[PlyCount "57"]

1.d4 Nf6 2.Bg5 d6 3.Nd2 Nbd7 4.h3 c6 5.Ngf3 b5 6.e4 Qc7 7.Be2 e5 8.c3 a6 
9.a4 Bb7 10.Nh4 h6 11.Be3 Rd8 12.O-O d5 13.dxe5 Nxe4 14.e6 Ndf6 15.Bh5 
Nxh5 16.Nxe4 dxe4 17.Qxh5 Rd5 18.exf7+ Qxf7 19.Qg4 Be7 20.Ng6 Rg8 21.Qxe4 
Bc8 22.axb5 Bf5 23.Qxe7+ Qxe7 24.Nxe7 Kxe7 25.bxa6 Ra8 26.a7 g5 27.Rfd1 
Kd6 28.Rxd5+ cxd5 29.Ra6+ 1-0

[Event "zonal 1.3 (w)"]
[Site "Helsinki FIN"]
[Date "1999.01.30"]
[Round "8"]
[White "Koskela, Niina"]
[Black "Berg, Susanne"]
[Result "1-0"]
[WhiteElo "2213"]
[BlackElo "2071"]
[EventDate "1999.01.23"]
[PlyCount "101"]

1.e4 c6 2.Nc3 d5 3.Nf3 g6 4.d4 Bg7 5.h3 Nf6 6.e5 Ne4 7.Nxe4 dxe4 8.Ng5 c5 
9.Bc4 O-O 10.c3 cxd4 11.cxd4 b5 12.Bb3 Bb7 13.h4 h6 14.Nh3 Nc6 15.Be3 Nb4 
16.h5 Nd3+ 17.Kf1 Bd5 18.Qg4 Bxb3 19.axb3 Qc8 20.Qxe4 Qf5 21.Qxf5 gxf5 22.
Ke2 Nb4 23.Rhc1 Rfd8 24.Rc7 a6 25.Nf4 e6 26.g4 fxg4 27.Rg1 Rac8 28.Rc3 Na2
29.Rxc8 Rxc8 30.Nd3 a5 31.Rxg4 Kh7 32.Rg1 Nb4 33.Nxb4 axb4 34.Kd3 Rd8 35.
Ke4 Rd5 36.f4 f5+ 37.Kd3 Kg8 38.Ra1 Bf8 39.Ra7 Rd8 40.Rb7 Rd5 41.Bf2 Rd8 
42.Bh4 Ra8 43.Be7 Bxe7 44.Rxe7 Ra6 45.d5 exd5 46.Kd4 Ra2 47.Kxd5 Rxb2 48.
Ke6 Rxb3 49.Rb7 Rh3 50.Kxf5 Rxh5+ 51.Kg6 1-0